Statistics for For Honor Heroes Quiz

Click here to take the quiz!

General Stats

  • This quiz has been taken 1,650 times
    (303 since last reset)
  • The average score is 23 of 32

Answer Stats

HintsHero% Correct
Knight Vanguard; two-handed longswordWarden
96%
Knight Assassin; arming sword and daggerPeacekeeper
89%
Knight Assassin; trident and bucklerGladiator
88%
Knight Hybrid; poleaxeLawbringer
88%
Knight Heavy; flail mace and shieldConqueror
87%
Viking Hybrid; spear and shieldValkyrie
87%
Viking Vanguard; two-handed daneaxe Raider
86%
Knight Hybrid; gladius swordCenturion
83%
Samurai Assassin; katana Orochi
82%
Viking Heavy; sword and round shieldWarlord
81%
Viking Assassin; dual axes Berserker
80%
Knight Heavy; sword and kite shieldBlack Prior
80%
Knight Vanguard; one-handed greatswordWarmonger
78%
Samurai Vanguard; two-handed nodachi Kensei
77%
Viking Hybrid; claymore Highlander
76%
Viking Assassin; hatchet and daggerShaman
75%
Samurai Hybrid; naginata spear Nobushi
73%
Outlander Hybrid; cutlass and flintlock pistolPirate
73%
Samurai Heavy; kanabo Shugoki
73%
Knight Hybrid; greataxeGryphon
71%
Viking Heavy; warhammer Jormungandr
71%
Samurai Assassin; dual kusarigama Shinobi
69%
Wu Lin Vanguard; curved dao Tiandi
66%
Samurai Heavy; masakari axeHitokiri
65%
Samurai Hybrid; dual katana Aramusha
64%
Wu Lin Hybrid; bowstaff Shaolin
63%
Wu Lin Heavy; weighted spear Jiang Jun
60%
Wu Lin Assassin; twin hookbladesNuxia
60%
Outlander Hybrid; bladed staff/twin axesMedjay
55%
Samurai Hybrid; shikomizue swordKyoshin
50%
Outlander Hybrid; mace and notched shieldAfeera
48%
Wu Lin Hybrid; changdao longsword Zhanhu
45%

Score Distribution

Percentile by Number Answered

Percent of People with Each Score

Your Score History

You have not taken this quiz since the last reset